书目信息 |
| 题名: |
祝你健美
|
|
| 作者: | ;中国青年出版社 编 | |
| 分册: | 十 | |
| 出版信息: | 北京 中国青年出版社 1982.01 |
|
| 页数: | 255页 | |
| 开本: | 19cm | |
| 丛书名: | ||
| 单 册: | ||
| 中图分类: | D432.64 | |
| 科图分类: | ||
| 主题词: | 青年运动 , 青年组织 , 学生运动 , 学生组织 | |
| 电子资源: | ||
| ISBN: | ||
| 000 | 00584nam0 2200229 45 | |
| 001 | 0302260881 | |
| 005 | 20060913151921.51 | |
| 010 | @dCNY0.54 | |
| 091 | @a7009.270 | |
| 100 | @a20030226d1982 km y0chiy0120 ea | |
| 101 | 0 | @achi |
| 200 | 1 | @a祝你健美@AZhu Ni Jian Mei@h十@f本社编@FBen She Bian |
| 210 | @a北京@c中国青年出版社@d1982.01 | |
| 215 | @a255页@d19cm | |
| 606 | 0 | @a青年运动 |
| 606 | 0 | @a青年组织 |
| 606 | 0 | @a学生运动 |
| 606 | 0 | @a学生组织 |
| 690 | @aD432.64@v3 | |
| 711 | 02 | @a中国青年出版社@4编 |
| 801 | @aCN@bTSTC@c20060913 | |
| 905 | @f2@b63931-932@dD432.64@e1:10 | |
| 祝你健美.十/本社编.-北京:中国青年出版社,1982.01 |
| 255页;19cm |
| ISBN :CNY0.54 |
| ● |
| 相关链接 |
|
|
|
|
正题名:祝你健美
索取号:D432.64/1:10
 
预约/预借
| 序号 | 登录号 | 条形码 | 馆藏地/架位号 | 状态 | 备注 |
| 1 | 0063931 | 001752197 | 密集书库/ [索取号:D432.64/1:10] | 在馆 | |
| 2 | 0063932 | 001752231 | 密集书库/ [索取号:D432.64/1:10] | 在馆 | |
| 3 | 0440302 | 204403029 | 密集书库/ [索取号:D432.64/1:10] | 在馆 | |
| 4 | 0459684 | 204596847 | 密集书库/ [索取号:D432.64/1:10] | 在馆 | |
| 5 | 0459685 | 204596856 | 密集书库/ [索取号:D432.64/1:10] | 在馆 | |
| 6 | 0474305 | 204743055 | 密集书库/ [索取号:D432.64/1:10] | 在馆 |